Γιάννης Κωνσταντινίδης (1903-1984) : ζωή, έργο και συνθετικό ύφος /
| Main Author: | |
|---|---|
| Format: | Book |
| Language: | Greek English Italian |
| Published: |
Θεσσαλονίκη :
University Studio Press,
2010.
|
| Series: | Βιβλιοθήκη Μουσικολογίας
4 |
| Subjects: |
| LEADER | 01235nam a2200253 i 4500 | ||
|---|---|---|---|
| 003 | GR-PaULI | ||
| 005 | 20231025103011.0 | ||
| 008 | 201007s2010 gr ag||g b||| 001 0 gre d | ||
| 952 | |0 0 |1 0 |2 ddc |4 0 |6 780_920000000000000_ΚΩΝ |7 0 |9 244301 |a THST |b THST |d 2020-10-07 |i 015528 |l 0 |o 780.92 ΚΩΝ |p 025000266887 |r 2020-10-07 00:00:00 |t 1 |v 2020.00 |w 2020-10-07 |y BK15 | ||
| 999 | |c 147419 |d 147419 | ||
| 020 | |a 9789601218984 | ||
| 040 | |a GR-PaULI |b gre |c GR-PaULI |e AACR2 | ||
| 041 | 0 | |a gre |a eng |a ita | |
| 082 | 0 | 4 | |2 23 |a 780.92 |
| 100 | 1 | |9 183577 |a Σακαλλιέρος, Γιώργος. |e συγγραφέας | |
| 245 | 1 | 4 | |a Γιάννης Κωνσταντινίδης (1903-1984) : |b ζωή, έργο και συνθετικό ύφος / |c Γιώργος Σακαλλιέρος. |
| 260 | |a Θεσσαλονίκη : |b University Studio Press, |c 2010. | ||
| 300 | |a xxvi, 465 σ. : |b εικ, παρτ. ; |c 28 εκ. | ||
| 504 | |6 Περιλαμβάνει βιβλιογραφία και ευρετήριο. | ||
| 600 | 1 | 4 | |9 105955 |a Κωνσταντινίδης- Γιάννης |d 1903-1984. |
| 650 | 4 | |9 82002 |a Συνθέτες |z Ελλάδα | |
| 830 | 0 | |a Βιβλιοθήκη Μουσικολογίας |v 4 |9 183578 | |
| 942 | |2 ddc |c BK15 | ||
| 998 | |c ΜΑΝΙΑ |d 2020-10 | ||